000
00276nam a2200109Ia 4500
008
190216s9999||||xx |||||||||||||| ||und||
100
_a
Paul Hersey & Ken Blanchard
245
0
_a
Management Of Organisational Behaviour
260
_b
Null
_c
1986
300
_a
335p
942
_c
BK
999
_c
5373
_d
5373